000 00642nam a22002417a 4500
003 UA-OsUOA
001 93919
007 ta
008 20130130b un ||||| |||| 00| 0 ukr d
100 _aГорький М.
090 _a821.161.1
_bГ71
942 _cBK
040 _aUA-OsUOA
_bukr
_cUA-OsUOA
_dUA-OsUOA
245 _aЖизнь Клима Самгіна (сорок літ)
_bповість
300 _a416 с.
955 _a2
041 _aukr
080 _a821.161.1
260 _aК.
_bДВХЛ
_c1952
246 3 1 _aЧ.4
_n
650 7 _a82 Література. Літературознавство
_2UDC
999 _c380158
_d380158